Urbanistický atlas Bratislava 2022 : Členenie mesta. Urbanistická štruktúra /

Gespeichert in:
Bibliographische Detailangaben
1. Verfasser: Žalman, Peter, 1953- (Verfasst von)
Format: Buch
Sprache:Slowakisch
Veröffentlicht: Bratislava : Peter Žalman, 2023
Ausgabe:1. vydanie
Schlagworte:
Tags: Tag hinzufügen
Keine Tags, Fügen Sie das erste Tag hinzu!

MARC

LEADER 00000nam a22000003a 4500
001 0108909
003 SK-STU
005 20240403143224.5
007 ta
008 240403s ----xo-----e------000-0-----d
020 |a 978-80-970111-5-4 
040 |a STU  |b slo 
041 0 |a slo 
044 |a xo 
100 1 |a Žalman, Peter,  |d 1953-  |4 aut  |X 339  |7 A000000339 
245 1 0 |a Urbanistický atlas Bratislava 2022 :  |b Členenie mesta. Urbanistická štruktúra /  |c aut. Peter Žalman 
250 |a 1. vydanie 
260 |a Bratislava :  |b Peter Žalman,  |c 2023 
300 |a 112 s. 
650 0 7 |a urbanizmus a územné plánovanie 
650 0 7 |a Bratislava 
650 0 7 |a členenie 
650 0 7 |a suburbanizácia 
650 0 7 |a urbanistická štruktúra 
650 0 7 |a mestské časti 
650 0 7 |a mestský rozvoj 
996 |b 284AU09976  |c A* 13344/U  |l AAKNST  |s P  |a 0  |w 0108909_0001 
996 |b 284AU09977  |c A* 13345/U  |l AAKNAR  |s A  |a 24  |w 0108909_0002